Name all Blox Fruits Swords - Statistics

General Stats
  • This quiz has been taken 24 times
  • The average score is 20 of 40
Answer Stats
Hint Answer % Correct
Uncommon Triple Katana
83%
Mythical Cursed Dual Katana
78%
Common Katana
78%
Mythical True Triple Katana
78%
Common Cutlass
72%
Mythical Dark Blade
72%
Common Dual Katana
72%
Mythical (Admin only) Triple Dark Blade
67%
Legendary Saber
61%
Uncommon Twin Hooks
61%
Rare Gravity Blade
56%
Rare Trident
56%
Legendary Yama
56%
Rare Flail
50%
Mythical Hallow Scythe
50%
Legendary Pole
50%
Rare Soul Cane
50%
Legendary Tushita
50%
Legendary Bisento
44%
Legendary Dark Dagger
44%
Rare Dragon Trident
44%
Rare Pipe
44%
Legendary Rengoku
44%
Legendary Shark Anchor
44%
Legendary Spikey Trident
44%
Legendary Buddy Sword
39%
Legendary Fox Lamp
39%
Uncommon Iron Mace
39%
Legendary Koko
39%
Rare Longsword
39%
Legendary Oroshi
39%
Uncommon Shark Saw
39%
Legendary Shizu
39%
Legendary Canvander
33%
Legendary Saishi
33%
Rare Dual headed blade
28%
Legendary Midnight Blade
28%
Rare Wardens Sword
28%
Legendary Dragonheart
22%
Legendary Pole 2nd form
22%
No matching quizzes found
Score Distribution
Percent of People with Each Score
Percentile by Number Answered
Your Score History
You have not taken this quiz